| 000 | 00822nam a22002297a 4500 | ||
|---|---|---|---|
| 003 | IT-MiCISF | ||
| 005 | 20241226190146.0 | ||
| 008 | 241226b |||||||| |||| 00| 0 eng d | ||
| 040 | _cIT-MiCISF | ||
| 041 | _ait | ||
| 100 |
_aGentili Paolo (et al.) _958680 |
||
| 245 |
_aMaschio e femmina li creò. _bApprezzare e valorizzare la differenza sessuale |
||
| 250 | _a"Famiglia oggi", n. 1, gennaio-febbraio | ||
| 260 | _c2015 | ||
| 300 | _app. 4-53 | ||
| 310 | _abimestrale | ||
| 500 | _apersona, differenza-sessuale, bibbia, sessualità, comportamento, identità-sessuale | ||
| 650 | _aPersona | ||
| 654 | _adossier | ||
| 700 |
_aCioncolini T. e G. Rota Scalabrini P., Noriega J., Simeone D., Tortalla M., Oddone E., Gigli G.L., Gentile C., Toro M.B., _aCantelmi T., D'Urbano C. _961274 |
||
| 942 |
_2ddc _cCR |
||
| 999 |
_c360307 _d360307 |
||